000 01452nam0a2200373 4500
001 RU\NLR\BIBL_A\012548684
005 20220207180120.0
010 _a978-5-907220-83-6
_92000
021 _aRU
_bКН-П-21-005644
_9КН-П-21-0433
035 _a(NLR Aleph) 012548684
035 _a(RuMoRGB)010564287
090 _a12422652
_c12422652
100 _a20210617d2021 e y0rusy50 ca
101 1 _arus
_cdan
102 _aRU
105 _aa|||z|||000ay
181 0 _ai
_baxxe
182 0 _an
200 1 _aРагнарёк
_eсказание о богах
_fВилли Сёренсен
_gперевод с датского Бориса Ерхова
203 _aТекст
_bвизуальный
_cнепосредственный
210 _aМосква
_cГородец
_d2021
215 _a142, [2] с.
_cил., цв. ил.
_d27
225 1 _aСкандинавская линия "НордБук"
320 _aДр. произведения авт. на обороте тит. с.
333 _a16+
606 1 _aМифология скандинавская
_91063554
_3RU\NLR\AUTH\6694701
686 1 _aШ3(0)943-60
686 1 _aЭ319.1(411),181
700 1 _7ca
_8rus
_aСёренсен
_bВ.
_f1929-2001
_gВилли
_9235613
_3RU\NLR\AUTH\770235669
942 _cBOOK
980 _aNB